000 00812nam a22002537a 4500
001 6400
003 FISKH
005 20250428154113.0
008 250428b cb ||||| |||| 00| 0 eng d
040 _aFISKH
_beng
_cFISKH
_dFISKH
050 _a PZ8.W2173 I
082 _a782.42
100 _aWarhola, James
245 _aIf you're happy and you know it /
_cby James Warhola
260 _aNew York ;
_bScholastic,
_c2007.
300 _a32 unnumbered pages :
_bcolor illustrations ;
_c21 x 26 cm
505 _aC
520 _aJungle animals sing the verses of this popular song that encourages everyone to express their happiness through voice and movement.
521 8 _a100
_bLexile estimate
521 8 _aC
_bRaz-Plus
650 _aAnimals
_vJungle
942 _2ddc
_cBK
_n0
999 _c6400
_d6400